[Event "Bundesliga 9899"]
[Site "Deutschland"]
[Date "1999.02.20"]
[Round "10.7"]
[White "Bischoff, Klaus"]
[Black "Kachiani Gersinska, Ketino"]
[Result "1/2-1/2"]
[WhiteElo "2521"]
[BlackElo "2439"]
[PlyCount "93"]
[EventDate "1998.10.17"]
[EventType "team"]
[EventRounds "15"]
[EventCountry "GER"]
[SourceTitle "Bundesliga 9899"]
[Source "DeepChess"]
[SourceDate "2005.01.01"]
[SourceVersion "1"]
[SourceVersionDate "2005.01.01"]
[SourceQuality "1"]
[WhiteTeam "SG 1868 Aljech. Solingen"]
[BlackTeam "SAbt SV Werder Bremen"]
[WhiteTeamCountry "GER"]
[BlackTeamCountry "GER"]

1. Nf3 Nf6 2. c4 g6 3. Nc3 Bg7 4. e4 d6 5. d4 O-O 6. Be2 e5 7. O-O Nc6 8. d5
Ne7 9. Ne1 Nd7 10. Be3 f5 11. f3 f4 12. Bf2 g5 13. a4 Ng6 14. a5 Kh8 15. Nd3
Nf6 16. c5 Rg8 17. a6 b6 18. cxd6 cxd6 19. Nb4 Bf8 20. Rc1 h5 21. Qe1 Ne8 22.
Nb5 g4 23. fxg4 Bxg4 24. Rc3 Qg5 25. Kh1 Nf6 26. Bf3 h4 27. Qe2 h3 28. gxh3
Bxf3+ 29. Qxf3 Nh4 30. Bxh4 Qxh4 31. Nc6 Rg7 32. Rc2 Qh7 33. Nc3 Rc8 34. Rg1
Rxg1+ 35. Kxg1 b5 36. b4 Be7 37. Rg2 Bd8 38. Kf1 Bb6 39. Rg5 Rg8 40. Rxg8+ Kxg8
41. Ke2 Qg7 42. Nxb5 Qg1 43. Nxd6 Qxh2+ 44. Kf1 Qg1+ 45. Ke2 Qh2+ 46. Kf1 Qg1+
47. Ke2 1/2-1/2

[Event "Bundesliga 9899"]
[Site "Deutschland"]
[Date "1999.02.20"]
[Round "10.8"]
[White "Forchert, Martin"]
[Black "Chandler, Murray G"]
[Result "1/2-1/2"]
[WhiteElo "2317"]
[BlackElo "2520"]
[PlyCount "68"]
[EventDate "1998.10.17"]
[EventType "team"]
[EventRounds "15"]
[EventCountry "GER"]
[SourceTitle "Bundesliga 9899"]
[Source "DeepChess"]
[SourceDate "2005.01.01"]
[SourceVersion "1"]
[SourceVersionDate "2005.01.01"]
[SourceQuality "1"]
[WhiteTeam "SAbt SV Werder Bremen"]
[BlackTeam "SG 1868 Aljech. Solingen"]
[WhiteTeamCountry "GER"]
[BlackTeamCountry "GER"]

1. e4 c5 2. Nf3 Nc6 3. d4 cxd4 4. Nxd4 Nf6 5. Nc3 e5 6. Ndb5 d6 7. Bg5 a6 8.
Na3 b5 9. Nd5 Be7 10. Bxf6 Bxf6 11. c3 O-O 12. Nc2 Bg5 13. a4 bxa4 14. Rxa4 a5
15. Bc4 Rb8 16. b3 Kh8 17. O-O g6 18. Qd3 f5 19. f3 fxe4 20. fxe4 Rxf1+ 21.
Qxf1 Be6 22. Ra1 Ne7 23. Nxe7 Qxe7 24. Bxe6 Qxe6 25. b4 Qb3 26. Qd3 a4 27. g3
Rc8 28. Qxd6 Qxc3 29. Rf1 Bh6 30. Rf7 Qxc2 31. Qxe5+ Kg8 32. Qd5 Kh8 33. Qe5+
Kg8 34. Qd5 Kh8 1/2-1/2

[Event "Bundesliga 9899"]
[Site "Deutschland"]
[Date "1999.02.20"]
[Round "10.2"]
[White "Alterman, Boris"]
[Black "Slobodjan, Roman"]
[Result "0-1"]
[WhiteElo "2615"]
[BlackElo "2535"]
[PlyCount "78"]
[EventDate "1998.10.17"]
[EventType "team"]
[EventRounds "15"]
[EventCountry "GER"]
[SourceTitle "Bundesliga 9899"]
[Source "DeepChess"]
[SourceDate "2005.01.01"]
[SourceVersion "1"]
[SourceVersionDate "2005.01.01"]
[SourceQuality "1"]
[WhiteTeam "SG Bochum 31"]
[BlackTeam "USC Magdeburg"]
[WhiteTeamCountry "GER"]
[BlackTeamCountry "GER"]

1. d4 d5 2. c4 c6 3. Nf3 Nf6 4. e3 Bf5 5. Nc3 e6 6. Nh4 Be4 7. f3 Bg6 8. Qb3
Qb6 9. Nxg6 hxg6 10. Bd2 Nbd7 11. Be2 Bd6 12. f4 Rc8 13. O-O Qxb3 14. axb3 a6
15. Bf3 Bb8 16. g4 Nb6 17. g5 Ng8 18. cxd5 cxd5 19. e4 Ne7 20. exd5 Nbxd5 21.
Nxd5 Nxd5 22. Bxd5 exd5 23. Ra5 Rc2 24. Rxd5 O-O 25. Bc3 Re8 26. Rf2 Rxf2 27.
Kxf2 Bxf4 28. h4 f6 29. Kf3 Bc1 30. gxf6 gxf6 31. Rd7 Re3+ 32. Kf2 Rh3 33. d5
Bxb2 34. Bxb2 Rh2+ 35. Ke3 Rxb2 36. Rxb7 Kf8 37. Kd4 Ke8 38. d6 Kd8 39. Kd5 f5
0-1

[Event "Bundesliga 9899"]
[Site "Deutschland"]
[Date "1999.02.20"]
[Round "10.3"]
[White "Rogozenko, Dorian"]
[Black "Keitlinghaus, Ludger"]
[Result "1/2-1/2"]
[WhiteElo "2557"]
[BlackElo "2471"]
[PlyCount "50"]
[EventDate "1998.10.17"]
[EventType "team"]
[EventRounds "15"]
[EventCountry "GER"]
[SourceTitle "Bundesliga 9899"]
[Source "DeepChess"]
[SourceDate "2005.01.01"]
[SourceVersion "1"]
[SourceVersionDate "2005.01.01"]
[SourceQuality "1"]
[WhiteTeam "USC Magdeburg"]
[BlackTeam "SG Bochum 31"]
[WhiteTeamCountry "GER"]
[BlackTeamCountry "GER"]

1. d4 d5 2. c4 c6 3. Nf3 Nf6 4. Nc3 a6 5. c5 Bf5 6. Bf4 Nbd7 7. h3 e6 8. e3 Be7
9. Be2 O-O 10. O-O Re8 11. b4 Ne4 12. Nxe4 Bxe4 13. Nd2 Bg6 14. Nb3 Bf6 15. Bh2
e5 16. a4 exd4 17. exd4 Nf8 18. Bg4 Ne6 19. Rc1 h5 20. Bf3 b5 21. Ra1 Qd7 22.
Ra2 Qb7 23. Na5 Qd7 24. Nb3 Qb7 25. Na5 Qd7 1/2-1/2

[Event "Bundesliga 9899"]
[Site "Deutschland"]
[Date "1999.02.20"]
[Round "10.4"]
[White "Schmittdiel, Eckhard"]
[Black "Proehl, Holger"]
[Result "1-0"]
[WhiteElo "2483"]
[BlackElo "2401"]
[PlyCount "141"]
[EventDate "1998.10.17"]
[EventType "team"]
[EventRounds "15"]
[EventCountry "GER"]
[SourceTitle "Bundesliga 9899"]
[Source "DeepChess"]
[SourceDate "2005.01.01"]
[SourceVersion "1"]
[SourceVersionDate "2005.01.01"]
[SourceQuality "1"]
[WhiteTeam "SG Bochum 31"]
[BlackTeam "USC Magdeburg"]
[WhiteTeamCountry "GER"]
[BlackTeamCountry "GER"]

1. e4 e6 2. d4 d5 3. Nc3 Nf6 4. Bg5 Be7 5. e5 Nfd7 6. Bxe7 Qxe7 7. f4 a6 8. Nf3
c5 9. dxc5 Nc6 10. Bd3 Qxc5 11. Qd2 b5 12. O-O-O b4 13. Ne2 a5 14. Kb1 h6 15.
Rhe1 Rb8 16. f5 Ndxe5 17. fxe6 fxe6 18. Nxe5 Nxe5 19. Nd4 Nxd3 20. Nxe6 Bxe6
21. Rxe6+ Kf7 22. Re3 Nf4 23. Rf3 Rhf8 24. Rxf4+ Kg8 25. Rd4 Rbd8 26. b3 Rf5
27. h4 Qc6 28. g4 Re5 29. g5 hxg5 30. hxg5 Qg6 31. Qh2 Qxg5 32. Rh4 Rd6 33. Rf1
Rf6 34. Rg1 Qe3 35. Rh8+ Kf7 36. Rxg7+ Ke6 37. Rg1 Kd7 38. Rd1 Rfe6 39. Qh4 Re7
40. Qg4+ R7e6 41. Qg8 Re8 42. Qf7+ R8e7 43. Qf8 Re8 44. Rh7+ Kc6 45. Rh6+ Kb7
46. Qd6 R8e6 47. Rh7+ Re7 48. Rxe7+ Rxe7 49. Qxd5+ Kb6 50. Qd8+ Rc7 51. Qb8+
Rb7 52. Rd6+ Kc5 53. Qd8 Qe5 54. Rd1 Qc7 55. Qf6 Qe7 56. Qa6 Ra7 57. Qc4+ Kb6
58. a4 bxa3 59. Rd5 Qb4 60. Qc8 Rc7 61. Qe6+ Rc6 62. Qe3+ Ka6 63. Qd3+ Kb6 64.
Re5 Kc7 65. Rb5 Qe1+ 66. Ka2 Qf2 67. Qh7+ Kd6 68. Qg6+ Kc7 69. Qg7+ Kd6 70.
Qe5+ Kd7 71. Rb7+ 1-0

[Event "Bundesliga 9899"]
[Site "Deutschland"]
[Date "1999.02.20"]
[Round "10.5"]
[White "Naumann, Alexander"]
[Black "Bosch, Jeroen"]
[Result "1/2-1/2"]
[WhiteElo "2480"]
[BlackElo "2470"]
[PlyCount "73"]
[EventDate "1998.10.17"]
[EventType "team"]
[EventRounds "15"]
[EventCountry "GER"]
[SourceTitle "Bundesliga 9899"]
[Source "DeepChess"]
[SourceDate "2005.01.01"]
[SourceVersion "1"]
[SourceVersionDate "2005.01.01"]
[SourceQuality "1"]
[WhiteTeam "USC Magdeburg"]
[BlackTeam "SG Bochum 31"]
[WhiteTeamCountry "GER"]
[BlackTeamCountry "GER"]

1. Nf3 f5 2. g3 Nf6 3. Bg2 g6 4. c3 Bg7 5. Qb3 c6 6. d4 Qb6 7. Nbd2 Qxb3 8.
axb3 Na6 9. O-O O-O 10. Ne5 Nc7 11. Re1 d6 12. Nd3 Be6 13. f3 a6 14. Nc4 Nd7
15. Na5 Rab8 16. e4 fxe4 17. fxe4 Bf7 18. Bh3 Rfd8 19. Be3 h6 20. Bf2 g5 21. e5
Bg6 22. exd6 exd6 23. Rad1 Nf6 24. Bg2 Re8 25. Rxe8+ Ncxe8 26. d5 Nxd5 27.
Bxd5+ cxd5 28. Nb4 Nf6 29. Nxd5 Nxd5 30. Rxd5 Bf8 31. Rd2 Be4 32. Nc4 d5 33.
Nb6 Rd8 34. Bd4 Be7 35. b4 Kf7 36. Rf2+ Kg6 37. Na4 1/2-1/2

[Event "Bundesliga 9899"]
[Site "Deutschland"]
[Date "1999.02.20"]
[Round "10.6"]
[White "Ellers, Holger"]
[Black "Machelett, Heiko"]
[Result "1/2-1/2"]
[WhiteElo "2417"]
[BlackElo "2436"]
[PlyCount "48"]
[EventDate "1998.10.17"]
[EventType "team"]
[EventRounds "15"]
[EventCountry "GER"]
[SourceTitle "Bundesliga 9899"]
[Source "DeepChess"]
[SourceDate "2005.01.01"]
[SourceVersion "1"]
[SourceVersionDate "2005.01.01"]
[SourceQuality "1"]
[WhiteTeam "SG Bochum 31"]
[BlackTeam "USC Magdeburg"]
[WhiteTeamCountry "GER"]
[BlackTeamCountry "GER"]

1. d4 Nf6 2. Nf3 g6 3. g3 Bg7 4. Bg2 O-O 5. c4 d6 6. Nc3 c6 7. O-O a6 8. e4
Nfd7 9. a4 a5 10. Bg5 Re8 11. Qe2 Qc7 12. Rfe1 e5 13. Be3 Na6 14. Rad1 exd4 15.
Nxd4 Ndc5 16. h3 Qb6 17. Qc2 Bd7 18. b3 Qd8 19. Nde2 Qe7 20. Rd2 Rad8 21. Red1
Bc8 22. Nd4 Bd7 23. Nde2 Bc8 24. Nd4 Bd7 1/2-1/2

[Event "Bundesliga 9899"]
[Site "Deutschland"]
[Date "1999.02.20"]
[Round "10.7"]
[White "Stolz, Mike"]
[Black "De Gleria, Francesco"]
[Result "0-1"]
[WhiteElo "2320"]
[BlackElo "2433"]
[PlyCount "167"]
[EventDate "1998.10.17"]
[EventType "team"]
[EventRounds "15"]
[EventCountry "GER"]
[SourceTitle "Bundesliga 9899"]
[Source "DeepChess"]
[SourceDate "2005.01.01"]
[SourceVersion "1"]
[SourceVersionDate "2005.01.01"]
[SourceQuality "1"]
[WhiteTeam "USC Magdeburg"]
[BlackTeam "SG Bochum 31"]
[WhiteTeamCountry "GER"]
[BlackTeamCountry "GER"]

1. e4 c5 2. Nf3 d6 3. d4 cxd4 4. Nxd4 Nf6 5. Nc3 Nc6 6. Bg5 e6 7. Qd2 a6 8.
O-O-O h6 9. Bf4 Bd7 10. Nxc6 Bxc6 11. f3 d5 12. Qe1 Bb4 13. a3 Ba5 14. exd5
Bxd5 15. Be5 Bxc3 16. Bxc3 O-O 17. h4 Rc8 18. Rh3 Qc7 19. Bd3 Bc4 20. Be5 Qc6
21. Bxf6 Bxd3 22. Bc3 Bf5 23. g4 Bh7 24. g5 Qa4 25. Rh2 Qf4+ 26. Qd2 Qxd2+ 27.
Rdxd2 h5 28. Rd7 b5 29. Rhd2 Bg6 30. R2d6 a5 31. Rd2 Rc4 32. R7d4 Rfc8 33. Rxc4
Rxc4 34. Rd4 Rc8 35. f4 Bf5 36. Kd2 Kh7 37. Ke3 Kg6 38. Rd2 a4 39. Rf2 Rc4 40.
Rh2 Be4 41. Rd2 Bd5 42. Rd4 Rc5 43. Rd2 Rc8 44. Rf2 Rg8 45. Rf1 Kf5 46. Rg1 Be4
47. Rc1 Bd5 48. Rg1 Kg6 49. Rd1 Rc8 50. Rd2 Rc6 51. Rf2 Rc4 52. Bd4 Kf5 53.
Bxg7 Kg4 54. Bf6 Re4+ 55. Kd3 Re1 56. g6 fxg6 57. Bg5 Kg3 58. Rd2 Rb1 59. Kc3
Kf3 60. Rd3+ Kg4 61. Re3 Bc4 62. Re5 Rh1 63. Re3 Rb1 64. Re5 Kg3 65. Re3+ Kg2
66. Bf6 Rf1 67. Bg5 Kf2 68. Re5 Rb1 69. Bf6 Kf3 70. Bg5 Bd5 71. Bh6 Rh1 72. Bg5
Rh2 73. Kd3 Rg2 74. Re3+ Kg4 75. Kc3 Rf2 76. b3 Rh2 77. bxa4 bxa4 78. Kd3 Ba2
79. c4 Rb2 80. Kd4 Rd2+ 81. Rd3 Rc2 82. Rc3 Rd2+ 83. Ke5 Rd7 84. Kxe6 0-1

[Event "Bundesliga 9899"]
[Site "Deutschland"]
[Date "1999.02.20"]
[Round "10.8"]
[White "Backwinkel, Paul"]
[Black "Darnstaedt, Frank"]
[Result "1/2-1/2"]
[WhiteElo "2390"]
[BlackElo "2301"]
[PlyCount "108"]
[EventDate "1998.10.17"]
[EventType "team"]
[EventRounds "15"]
[EventCountry "GER"]
[SourceTitle "Bundesliga 9899"]
[Source "DeepChess"]
[SourceDate "2005.01.01"]
[SourceVersion "1"]
[SourceVersionDate "2005.01.01"]
[SourceQuality "1"]
[WhiteTeam "SG Bochum 31"]
[BlackTeam "USC Magdeburg"]
[WhiteTeamCountry "GER"]
[BlackTeamCountry "GER"]

1. d4 Nf6 2. c3 g6 3. Bg5 Bg7 4. Nd2 d5 5. e3 O-O 6. Ngf3 b6 7. a4 Bb7 8. a5 a6
9. axb6 cxb6 10. Be2 Nc6 11. O-O b5 12. h3 Na5 13. Ne5 Nc4 14. Nexc4 dxc4 15.
Bf3 Qb6 16. e4 e5 17. dxe5 Nd7 18. Nxc4 bxc4 19. Qxd7 Bxe5 20. Qd2 Bc6 21. Rfe1
Rfe8 22. Bd1 Qb7 23. Ba4 f6 24. Bxc6 Qxc6 25. Bf4 Rad8 26. Qc1 Rd3 27. Bxe5
fxe5 28. Qg5 Qd6 29. h4 Rb8 30. Ra2 Rf8 31. h5 Rd1 32. Ra1 Rxe1+ 33. Rxe1 Rb8
34. hxg6 hxg6 35. Qc1 Rd8 36. Qg5 Rb8 37. Rb1 Kh7 38. Qg4 Rd8 39. Ra1 Kg7 40.
Qe2 Qc6 41. Ra5 Qe6 42. Qe3 Qg4 43. Ra1 Rd3 44. Qa7+ Kh6 45. Qa8 Kg7 46. Rf1
Qe2 47. Qc6 Rd2 48. g3 Rd3 49. Qc7+ Kf6 50. Ra1 Rxg3+ 51. fxg3 Qe3+ 52. Kh2
Qe2+ 53. Kh3 Qh5+ 54. Kg2 Qe2+ 1/2-1/2

[Event "Bundesliga 9899"]
[Site "Deutschland"]
[Date "1999.02.20"]
[Round "10.1"]
[White "Sokolovs, Andrei"]
[Black "Schlosser, Philipp"]
[Result "1/2-1/2"]
[WhiteElo "2490"]
[BlackElo "2511"]
[PlyCount "63"]
[EventDate "1998.10.17"]
[EventType "team"]
[EventRounds "15"]
[EventCountry "GER"]
[SourceTitle "Bundesliga 9899"]
[Source "DeepChess"]
[SourceDate "2005.01.01"]
[SourceVersion "1"]
[SourceVersionDate "2005.01.01"]
[SourceQuality "1"]
[WhiteTeam "SK Zaehringen 1921"]
[BlackTeam "SK Passau 1869"]
[WhiteTeamCountry "GER"]
[BlackTeamCountry "GER"]

1. e4 c6 2. c4 d5 3. exd5 cxd5 4. cxd5 Nf6 5. Nc3 Nxd5 6. Nf3 e6 7. Bc4 Nc6 8.
d4 Be7 9. O-O O-O 10. Re1 Bf6 11. Ne4 b6 12. Nxf6+ Qxf6 13. Bg5 Qg6 14. Rc1 Bb7
15. Bd3 Qh5 16. Re4 f5 17. Rxe6 Nxd4 18. Nxd4 Qxg5 19. Nf3 Qd8 20. Qa4 Kh8 21.
Qd4 Rc8 22. Rxc8 Qxc8 23. Re1 Nf6 24. Ne5 Bd5 25. a3 Kg8 26. h3 Rd8 27. Qf4 g6
28. Rc1 Qe6 29. Rc7 Re8 30. Qh6 Re7 31. Rxe7 Qxe7 32. Qe3 1/2-1/2

[Event "Bundesliga 9899"]
[Site "Deutschland"]
[Date "1999.02.20"]
[Round "10.2"]
[White "Ribli, Zoltan"]
[Black "Baklan, Vladimir"]
[Result "1/2-1/2"]
[WhiteElo "2582"]
[BlackElo "2552"]
[PlyCount "47"]
[EventDate "1998.10.17"]
[EventType "team"]
[EventRounds "15"]
[EventCountry "GER"]
[SourceTitle "Bundesliga 9899"]
[Source "DeepChess"]
[SourceDate "2005.01.01"]
[SourceVersion "1"]
[SourceVersionDate "2005.01.01"]
[SourceQuality "1"]
[WhiteTeam "SK Passau 1869"]
[BlackTeam "SK Zaehringen 1921"]
[WhiteTeamCountry "GER"]
[BlackTeamCountry "GER"]

1. Nf3 c5 2. c4 Nf6 3. Nc3 Nc6 4. d4 cxd4 5. Nxd4 e6 6. g3 Bc5 7. Nb3 Bb4 8.
Bg2 d5 9. cxd5 Nxd5 10. O-O Nxc3 11. Qxd8+ Nxd8 12. bxc3 Bxc3 13. Rb1 a5 14.
Rd1 e5 15. Be3 Bb4 16. Nc5 Bf5 17. Rbc1 Rc8 18. Nxb7 Nxb7 19. Bxb7 Rxc1 20.
Rxc1 Be6 21. Bd5 Kd7 22. Bxe6+ Kxe6 23. Rc6+ Kd7 24. Ra6 1/2-1/2

[Event "Bundesliga 9899"]
[Site "Deutschland"]
[Date "1999.02.20"]
[Round "10.3"]
[White "Pelletier, Yannick"]
[Black "Schmidt, Peter"]
[Result "1/2-1/2"]
[WhiteElo "2483"]
[BlackElo "2412"]
[PlyCount "84"]
[EventDate "1998.10.17"]
[EventType "team"]
[EventRounds "15"]
[EventCountry "GER"]
[SourceTitle "Bundesliga 9899"]
[Source "DeepChess"]
[SourceDate "2005.01.01"]
[SourceVersion "1"]
[SourceVersionDate "2005.01.01"]
[SourceQuality "1"]
[WhiteTeam "SK Zaehringen 1921"]
[BlackTeam "SK Passau 1869"]
[WhiteTeamCountry "GER"]
[BlackTeamCountry "GER"]

1. c4 g6 2. d4 Bg7 3. Nf3 Nf6 4. Nc3 O-O 5. e4 d6 6. Be2 e5 7. O-O Nc6 8. Bg5
Qe8 9. Bxf6 Bxf6 10. c5 Nb4 11. Nb5 Qe7 12. a3 Nc6 13. d5 Nd4 14. Nfxd4 exd4
15. cxd6 cxd6 16. Qd3 Bd7 17. Nxd4 Rfe8 18. Bf3 Rac8 19. Rab1 Be5 20. b3 Qh4
21. g3 Qf6 22. Ne2 Bb5 23. Qe3 Rc2 24. Rfd1 Rec8 25. Rbc1 Rxc1 26. Rxc1 Rxc1+
27. Nxc1 Bd4 28. Qf4 Qxf4 29. gxf4 Bb2 30. a4 Bxc1 31. axb5 Bxf4 32. Bg4 Kg7
33. Be2 Kf6 34. f3 Ke5 35. Bc4 Kd4 36. Kg2 Ke3 37. h3 Be5 38. Bf1 h5 39. Bc4 h4
40. Bf1 Bg3 41. Bc4 f6 42. Bf1 Be1 1/2-1/2

[Event "Bundesliga 9899"]
[Site "Deutschland"]
[Date "1999.02.20"]
[Round "10.4"]
[White "Wells, Peter K"]
[Black "Siegel, Georg"]
[Result "1-0"]
[WhiteElo "2492"]
[BlackElo "2483"]
[PlyCount "85"]
[EventDate "1998.10.17"]
[EventType "team"]
[EventRounds "15"]
[EventCountry "GER"]
[SourceTitle "Bundesliga 9899"]
[Source "DeepChess"]
[SourceDate "2005.01.01"]
[SourceVersion "1"]
[SourceVersionDate "2005.01.01"]
[SourceQuality "1"]
[WhiteTeam "SK Passau 1869"]
[BlackTeam "SK Zaehringen 1921"]
[WhiteTeamCountry "GER"]
[BlackTeamCountry "GER"]

1. e4 d5 2. exd5 Qxd5 3. Nc3 Qa5 4. d4 c6 5. Nf3 Nf6 6. Bc4 Bf5 7. Bd2 e6 8.
Nd5 Qd8 9. Nxf6+ Qxf6 10. O-O Bg4 11. Be2 Bd6 12. Ne5 Bxe2 13. Qxe2 O-O 14. Qg4
Qe7 15. Rfe1 Na6 16. Nc4 f5 17. Qg5 Qd7 18. c3 Be7 19. Qe3 Nc7 20. Ne5 Qd6 21.
Nd3 Rae8 22. Qf3 Qd5 23. Qxd5 exd5 24. Bf4 Na6 25. Re2 Bf6 26. Rae1 Kf7 27. a4
Rxe2 28. Rxe2 Rc8 29. Be5 Nc7 30. Bxf6 gxf6 31. Nc5 b6 32. Nb7 Kg6 33. Re7 Ne8
34. Kf1 f4 35. Ke2 f5 36. Kf3 Rb8 37. Kxf4 Kf6 38. Rd7 Ke6 39. Rxh7 Nf6 40. Rc7
Ne8 41. Rh7 Nf6 42. Rc7 Ne8 43. Rxc6+ 1-0

[Event "Bundesliga 9899"]
[Site "Deutschland"]
[Date "1999.02.20"]
[Round "10.5"]
[White "Roos, Daniel"]
[Black "Smejkal, Jan"]
[Result "0-1"]
[WhiteElo "2425"]
[BlackElo "2525"]
[PlyCount "50"]
[EventDate "1998.10.17"]
[EventType "team"]
[EventRounds "15"]
[EventCountry "GER"]
[SourceTitle "Bundesliga 9899"]
[Source "DeepChess"]
[SourceDate "2005.01.01"]
[SourceVersion "1"]
[SourceVersionDate "2005.01.01"]
[SourceQuality "1"]
[WhiteTeam "SK Zaehringen 1921"]
[BlackTeam "SK Passau 1869"]
[WhiteTeamCountry "GER"]
[BlackTeamCountry "GER"]

1. d4 Nf6 2. g3 c5 3. Nf3 cxd4 4. Nxd4 d5 5. Bg2 e5 6. Nb3 Be7 7. Bg5 Nbd7 8.
O-O O-O 9. a4 h6 10. Bc1 Nc5 11. Nxc5 Bxc5 12. Nd2 Be6 13. Nb3 Bd6 14. a5 Qd7
15. f4 Bh3 16. fxe5 Bxe5 17. Nc5 Qg4 18. Ra4 d4 19. Bf4 Bxg2 20. Kxg2 Nd5 21.
Bd2 Qc8 22. b4 b6 23. Ne4 f5 24. c4 dxc3 25. Bc1 Rd8 0-1

[Event "Bundesliga 9899"]
[Site "Deutschland"]
[Date "1999.02.20"]
[Round "10.6"]
[White "Pichler, Juergen"]
[Black "Maier, Christian"]
[Result "1-0"]
[WhiteElo "2395"]
[BlackElo "2353"]
[PlyCount "67"]
[EventDate "1998.10.17"]
[EventType "team"]
[EventRounds "15"]
[EventCountry "GER"]
[SourceTitle "Bundesliga 9899"]
[Source "DeepChess"]
[SourceDate "2005.01.01"]
[SourceVersion "1"]
[SourceVersionDate "2005.01.01"]
[SourceQuality "1"]
[WhiteTeam "SK Passau 1869"]
[BlackTeam "SK Zaehringen 1921"]
[WhiteTeamCountry "GER"]
[BlackTeamCountry "GER"]

1. d4 Nf6 2. c4 e6 3. Nf3 c5 4. d5 exd5 5. cxd5 d6 6. Nc3 g6 7. h3 Bg7 8. e4
O-O 9. Bd3 b6 10. O-O Ba6 11. Bf4 Re8 12. Re1 c4 13. Bc2 Nh5 14. Bg5 Qc7 15. g4
Nf6 16. e5 dxe5 17. d6 Qc8 18. Bxf6 Bxf6 19. Be4 Bb7 20. Bxb7 Qxb7 21. Nd5 Nd7
22. Nxf6+ Nxf6 23. Nxe5 Rad8 24. Qd4 Re6 25. d7 Nxd7 26. Nxf7 Kxf7 27. Rxe6
Kxe6 28. Re1+ Kf7 29. Qxc4+ Kf8 30. Qf4+ Kg8 31. Re7 Qd5 32. Qh6 Qd1+ 33. Kg2
Qd5+ 34. f3 1-0

[Event "Bundesliga 9899"]
[Site "Deutschland"]
[Date "1999.02.20"]
[Round "10.7"]
[White "Gruenenwald, Joerg"]
[Black "Klebel, Martin"]
[Result "1/2-1/2"]
[WhiteElo "2323"]
[BlackElo "2405"]
[PlyCount "86"]
[EventDate "1998.10.17"]
[EventType "team"]
[EventRounds "15"]
[EventCountry "GER"]
[SourceTitle "Bundesliga 9899"]
[Source "DeepChess"]
[SourceDate "2005.01.01"]
[SourceVersion "1"]
[SourceVersionDate "2005.01.01"]
[SourceQuality "1"]
[WhiteTeam "SK Zaehringen 1921"]
[BlackTeam "SK Passau 1869"]
[WhiteTeamCountry "GER"]
[BlackTeamCountry "GER"]

1. d4 d5 2. Nf3 Nf6 3. c4 c6 4. Qc2 g6 5. cxd5 cxd5 6. Bf4 Nc6 7. Nc3 Bg7 8. e3
O-O 9. a3 Qa5 10. Rc1 Nh5 11. Bg5 h6 12. Bh4 Bf5 13. Bd3 Bxd3 14. Qxd3 e6 15.
O-O g5 16. Bg3 Nxg3 17. hxg3 a6 18. Rc2 Rfc8 19. Rfc1 Ne7 20. Nd2 Nf5 21. Na2
Nd6 22. Rc5 Rxc5 23. Rxc5 Qd8 24. Qc2 Bf8 25. Rc7 Rc8 26. Rxc8 Qxc8 27. Qxc8
Nxc8 28. a4 f6 29. Kf1 Kf7 30. Ke2 Nd6 31. g4 f5 32. gxf5 exf5 33. Nf3 Be7 34.
Ne5+ Ke6 35. f3 h5 36. b3 Nf7 37. Nd3 Bd6 38. Nc3 g4 39. Kf2 h4 40. Ne2 gxf3
41. gxf3 Kd7 42. Nef4 Kc6 43. Nh3 b5 1/2-1/2

[Event "Bundesliga 9899"]
[Site "Deutschland"]
[Date "1999.02.20"]
[Round "10.8"]
[White "Gross, David2"]
[Black "Schuh, Hubert"]
[Result "1/2-1/2"]
[WhiteElo "2371"]
[BlackElo "2305"]
[PlyCount "81"]
[EventDate "1998.10.17"]
[EventType "team"]
[EventRounds "15"]
[EventCountry "GER"]
[SourceTitle "Bundesliga 9899"]
[Source "DeepChess"]
[SourceDate "2005.01.01"]
[SourceVersion "1"]
[SourceVersionDate "2005.01.01"]
[SourceQuality "1"]
[WhiteTeam "SK Passau 1869"]
[BlackTeam "SK Zaehringen 1921"]
[WhiteTeamCountry "GER"]
[BlackTeamCountry "GER"]

1. e4 c5 2. Nf3 e6 3. d4 cxd4 4. Nxd4 Nf6 5. Nc3 d6 6. g4 Be7 7. g5 Nfd7 8. h4
Nc6 9. Be3 a6 10. Bc4 Nde5 11. Bb3 Na5 12. Qe2 Qc7 13. O-O-O Bd7 14. f4 Nec4
15. Nf5 Nxe3 16. Nxe3 Qc5 17. f5 O-O-O 18. Kb1 Kb8 19. Rhf1 Nxb3 20. cxb3 Bc6
21. fxe6 fxe6 22. Rf7 Rd7 23. a3 h6 24. b4 Qe5 25. Nc4 Qg3 26. a4 Rc7 27. b5
Be8 28. Rxg7 hxg5 29. hxg5 Bh5 30. Qe1 Qf4 31. Qf1 Bxg5 32. Qxf4 Bxf4 33. Rxc7
Kxc7 34. Rh1 Rh7 35. Kc2 Bg6 36. Rxh7+ Bxh7 37. Kb3 Bg5 38. bxa6 bxa6 39. Kb4
Bf6 40. Nd2 Bg6 41. Kc4 1/2-1/2

[Event "Bundesliga 9899"]
[Site "Deutschland"]
[Date "1999.02.21"]
[Round "11.2"]
[White "Sadler, Matthew"]
[Black "Hodgson, Julian M"]
[Result "1-0"]
[WhiteElo "2668"]
[BlackElo "2565"]
[PlyCount "47"]
[EventDate "1998.10.17"]
[EventType "team"]
[EventRounds "15"]
[EventCountry "GER"]
[SourceTitle "Bundesliga 9899"]
[Source "DeepChess"]
[SourceDate "2005.01.01"]
[SourceVersion "1"]
[SourceVersionDate "2005.01.01"]
[SourceQuality "1"]
[WhiteTeam "SG 1868 Aljech. Solingen"]
[BlackTeam "Delmenhorster SK 1931"]
[WhiteTeamCountry "GER"]
[BlackTeamCountry "GER"]

1. d4 d6 2. e4 Nf6 3. f3 d5 4. e5 Nfd7 5. f4 c5 6. Nf3 Nc6 7. Be3 cxd4 8. Nxd4
Nxd4 9. Bxd4 Nb8 10. Nc3 Nc6 11. Bf2 e6 12. Bd3 d4 13. Ne4 Bb4+ 14. c3 dxc3 15.
bxc3 Be7 16. O-O b6 17. Qf3 Bb7 18. Bh4 Na5 19. Bb5+ Kf8 20. Rad1 Qc7 21. Bxe7+
Qxe7 22. Rd7 Bxe4 23. Qxe4 Qc5+ 24. Rf2 1-0

[Event "Bundesliga 9899"]
[Site "Deutschland"]
[Date "1999.02.21"]
[Round "11.3"]
[White "Conquest, Stuart"]
[Black "Huebner, Robert"]
[Result "1-0"]
[WhiteElo "2488"]
[BlackElo "2585"]
[PlyCount "80"]
[EventDate "1998.10.17"]
[EventType "team"]
[EventRounds "15"]
[EventCountry "GER"]
[SourceTitle "Bundesliga 9899"]
[Source "DeepChess"]
[SourceDate "2005.01.01"]
[SourceVersion "1"]
[SourceVersionDate "2005.01.01"]
[SourceQuality "1"]
[WhiteTeam "Delmenhorster SK 1931"]
[BlackTeam "SG 1868 Aljech. Solingen"]
[WhiteTeamCountry "GER"]
[BlackTeamCountry "GER"]

1. e4 e5 2. Nf3 Nc6 3. Bb5 a6 4. Ba4 d6 5. Bxc6+ bxc6 6. d4 exd4 7. Qxd4 c5 8.
Qd3 Ne7 9. Nc3 Ng6 10. h4 h5 11. Bg5 Be7 12. Bxe7 Qxe7 13. Nd5 Qd8 14. O-O-O
Bg4 15. Qc3 O-O 16. Ne3 Re8 17. Nxg4 hxg4 18. Nd2 Rb8 19. Kb1 Nf4 20. Rde1 Qe7
21. b3 Ne6 22. h5 Qg5 23. Nc4 Nf4 24. Qd2 Re6 25. g3 Nh3 26. f4 Qxh5 27. e5
dxe5 28. Rxe5 Rxe5 29. Nxe5 Qf5 30. Qe2 Re8 31. Qxa6 Qe4 32. Rc1 Nf2 33. Qb5
Rf8 34. Qxc5 Qg2 35. Qe3 f6 36. Ng6 Rd8 37. Nh4 Qh2 38. Qe7 Rf8 39. Nf5 Qh7 40.
Qe6+ Kh8 1-0